<?xml version="1.0" encoding="UTF-8"?>
<record
    xmlns:xsi="http://www.w3.org/2001/XMLSchema-instance"
    xsi:schemaLocation="http://www.loc.gov/MARC21/slim http://www.loc.gov/standards/marcxml/schema/MARC21slim.xsd"
    xmlns="http://www.loc.gov/MARC21/slim">

  <leader>01954nam a2200289 u 4500</leader>
  <controlfield tag="001">35162</controlfield>
  <controlfield tag="005">20260506072154.0</controlfield>
  <controlfield tag="008">960313s1982                        spa  </controlfield>
  <datafield tag="035" ind1=" " ind2=" ">
    <subfield code="a">35162</subfield>
  </datafield>
  <datafield tag="035" ind1=" " ind2=" ">
    <subfield code="a">(OCoLC)55400782</subfield>
  </datafield>
  <datafield tag="040" ind1=" " ind2=" ">
    <subfield code="c">comduadb</subfield>
  </datafield>
  <datafield tag="041" ind1=" " ind2=" ">
    <subfield code="a">spa</subfield>
  </datafield>
  <datafield tag="080" ind1=" " ind2=" ">
    <subfield code="a">C/</subfield>
  </datafield>
  <datafield tag="100" ind1="1" ind2="0">
    <subfield code="a">Garc&#xED;a M&#xE1;rquez, Gabriel,</subfield>
    <subfield code="d">1927-2014</subfield>
    <subfield code="4">aut</subfield>
    <subfield code="0">(isni)0000000121333785</subfield>
    <subfield code="0">(viaf)54147956</subfield>
    <subfield code="e">aut</subfield>
    <subfield code="9">239834</subfield>
  </datafield>
  <datafield tag="245" ind1="1" ind2="0">
    <subfield code="a">Olor de la guayaba : conversaciones con Plinio Apuleyo Mendoza</subfield>
  </datafield>
  <datafield tag="250" ind1=" " ind2=" ">
    <subfield code="a">1. ed.</subfield>
  </datafield>
  <datafield tag="260" ind1=" " ind2=" ">
    <subfield code="a">Bogot&#xE1; :</subfield>
    <subfield code="b">Editorial Oveja Negra,</subfield>
    <subfield code="c">1982.</subfield>
  </datafield>
  <datafield tag="300" ind1=" " ind2=" ">
    <subfield code="a">133 p&#xE1;ginas</subfield>
  </datafield>
  <datafield tag="520" ind1="3" ind2=" ">
    <subfield code="a">Si formalmente El olor de la guayaba es una prolongada conversaci&#xF3;n del escritor y periodista Plinio Apuleyo Mendoza con su viejo amigo Gabriel Garc&#xED;a M&#xE1;rquez -lo que da ocasi&#xF3;n a &#xE9;ste para desgranar con vivacidad sus remembranzas, juicios, opiniones y convicciones- sus contenidos van mucho m&#xE1;s all&#xE1;: en El olor de la guayab a bien pueden encontrarse las claves de un proceso, creador y creativo, de singular riqueza. De la mano de Mendoza, Garc&#xED;a M&#xE1;rquez desvela el mundo que refleja su obra -hasta transfigurarlo- con la magia de la palabra: la calidez y el color del Caribe, el universo m&#xED;tico de sus pobladores, la extra&#xF1;a mentalidad de sus extra&#xF1;os prohombres y caudillos. Una obra en la que el compromiso con la emoci&#xF3;n y el compromiso con la raz&#xF3;n se dan la mano, para ofrecer la m&#xE1;s sugerente aproximaci&#xF3;n a un ser que de puro complejo puede permitirse el lujo de ser n&#xED;tido.</subfield>
  </datafield>
  <datafield tag="600" ind1="1" ind2="7">
    <subfield code="a">Garc&#xED;a M&#xE1;rquez, Gabriel,</subfield>
    <subfield code="d">1927-2014</subfield>
    <subfield code="x">Critica e interpretaci&#xF3;n</subfield>
    <subfield code="2"></subfield>
    <subfield code="9">858533</subfield>
  </datafield>
  <datafield tag="650" ind1=" " ind2=" ">
    <subfield code="a">Garc&#xED;a M&#xE1;rquez, Gabriel, 1927-2014 - Pensamiento pol&#xED;tico y social</subfield>
    <subfield code="9">215324</subfield>
  </datafield>
  <datafield tag="650" ind1=" " ind2="7">
    <subfield code="a">Literatura colombiana</subfield>
    <subfield code="2">lemb</subfield>
    <subfield code="9">41945</subfield>
  </datafield>
  <datafield tag="650" ind1=" " ind2="7">
    <subfield code="a">Autores colombianos</subfield>
    <subfield code="v">Biograf&#xED;as</subfield>
    <subfield code="2">lemb</subfield>
    <subfield code="9">195518</subfield>
  </datafield>
  <datafield tag="650" ind1=" " ind2="7">
    <subfield code="a">Novela colombiana</subfield>
    <subfield code="x">Historia y cr&#xED;tica</subfield>
    <subfield code="2">lemb</subfield>
    <subfield code="9">46429</subfield>
  </datafield>
  <datafield tag="700" ind1="1" ind2="0">
    <subfield code="a">Mendoza Garc&#xED;a, Plinio Apuleyo,</subfield>
    <subfield code="d"> 1932-</subfield>
    <subfield code="4">aut</subfield>
    <subfield code="e">aut</subfield>
    <subfield code="9">512143</subfield>
  </datafield>
  <datafield tag="942" ind1=" " ind2=" ">
    <subfield code="c">BOOK</subfield>
  </datafield>
  <datafield tag="999" ind1=" " ind2=" ">
    <subfield code="c">60878</subfield>
    <subfield code="d">60878</subfield>
  </datafield>
  <datafield tag="952" ind1=" " ind2=" ">
    <subfield code="0">0</subfield>
    <subfield code="1">0</subfield>
    <subfield code="4">0</subfield>
    <subfield code="7">0</subfield>
    <subfield code="8">LILAT</subfield>
    <subfield code="a">BC</subfield>
    <subfield code="b">BC</subfield>
    <subfield code="d">1999-04-05</subfield>
    <subfield code="i">C60072</subfield>
    <subfield code="l">1</subfield>
    <subfield code="o">C868 G216o e5</subfield>
    <subfield code="p">6-10000003103536</subfield>
    <subfield code="r">2025-12-04 17:48:14</subfield>
    <subfield code="s">2025-04-07</subfield>
    <subfield code="t">2</subfield>
    <subfield code="w">2023-04-21</subfield>
    <subfield code="y">BOOK</subfield>
  </datafield>
  <datafield tag="952" ind1=" " ind2=" ">
    <subfield code="0">0</subfield>
    <subfield code="1">0</subfield>
    <subfield code="4">0</subfield>
    <subfield code="7">0</subfield>
    <subfield code="8">LILAT</subfield>
    <subfield code="a">BC</subfield>
    <subfield code="b">BC</subfield>
    <subfield code="d">1998-05-05</subfield>
    <subfield code="i">C60073</subfield>
    <subfield code="l">1</subfield>
    <subfield code="o">C868 G216o e6</subfield>
    <subfield code="p">61000002150197</subfield>
    <subfield code="r">2025-12-19 11:46:44</subfield>
    <subfield code="s">2025-12-05</subfield>
    <subfield code="t">3</subfield>
    <subfield code="w">2023-04-21</subfield>
    <subfield code="y">BOOK</subfield>
  </datafield>
  <datafield tag="952" ind1=" " ind2=" ">
    <subfield code="0">0</subfield>
    <subfield code="1">0</subfield>
    <subfield code="2">ddc</subfield>
    <subfield code="4">0</subfield>
    <subfield code="7">0</subfield>
    <subfield code="8">GENERAL</subfield>
    <subfield code="a">CARME</subfield>
    <subfield code="b">CARME</subfield>
    <subfield code="d">2009-10-15</subfield>
    <subfield code="e">Material adquirido por donaci&#xF3;n</subfield>
    <subfield code="f">DONA</subfield>
    <subfield code="g">10000.00</subfield>
    <subfield code="i">C1070404</subfield>
    <subfield code="l">2</subfield>
    <subfield code="o">C868 G216</subfield>
    <subfield code="p">0697753</subfield>
    <subfield code="r">2026-02-24 17:55:49</subfield>
    <subfield code="s">2025-10-01</subfield>
    <subfield code="t">4</subfield>
    <subfield code="w">2023-04-21</subfield>
    <subfield code="y">BOOK</subfield>
  </datafield>
</record>
